Kesilapan Kintu
| Format: | Book |
|---|---|
| Published: |
Oxford :
Heinemann Educational Publishers ,
1995
|
| Series: | Siri Dongeng & Lagenda
|
| Subjects: |
MARC
| LEADER | 00000cam a2200000 7i4500 | ||
|---|---|---|---|
| 001 | 0000085615 | ||
| 005 | 20110520.0 | ||
| 008 | 110520 bm | ||
| 020 | |a 9830636232 | ||
| 090 | 0 | 0 | |a J 398.2 SIR |
| 245 | 1 | 0 | |a Kesilapan Kintu |
| 260 | |a Oxford : |b Heinemann Educational Publishers , |c 1995 | ||
| 300 | |a 24p. : |b col.ill.; ; |c 25cm. | ||
| 440 | 0 | |a Siri Dongeng & Lagenda | |
| 650 | 0 | 0 | |a Folklore |
| 999 | |a 126505 |b Buku |c Koleksi Pinjaman Kanak-Kanak |e Perbadanan Perpustakaan Awam Melaka | ||